|
|
|
|
| LEADER |
00000naa2a2200000 4500 |
| 001 |
618853 |
| 005 |
20231227131419.0 |
| 035 |
|
|
|a (RuTPU)RU\TPU\conf\17245
|
| 035 |
|
|
|a RU\TPU\conf\17244
|
| 090 |
|
|
|a 618853
|
| 100 |
|
|
|a 20160618d2016 k y0rusy50 ca
|
| 101 |
0 |
|
|a rus
|
| 102 |
|
|
|a RU
|
| 105 |
|
|
|a y z 101zy
|
| 135 |
|
|
|a drcn ---uucaa
|
| 181 |
|
0 |
|a i
|
| 182 |
|
0 |
|a b
|
| 200 |
1 |
|
|a Исследование закономерностей фазовых процессов в технологии сепарации углеводородных сред
|f Е. В. Николаев
|g науч. рук. С. Н. Харламов
|
| 203 |
|
|
|a Текст
|c электронный
|
| 225 |
1 |
|
|a Технология и моделирование процессов подготовки и переработки углеводородного сырья
|
| 300 |
|
|
|a Заглавие с экрана
|
| 320 |
|
|
|a [Библиогр.: с. 367 (4 назв.)]
|
| 463 |
|
0 |
|0 (RuTPU)RU\TPU\conf\17060
|t Химия и химическая технология в XXI веке
|o материалы XVII Международной научно-практической конференции студентов и молодых ученых имени профессора Л.П. Кулёва, посвященной 120-летию Томского политехнического университета, 17–20 мая 2016 г., г. Томск
|f Национальный исследовательский Томский политехнический университет (ТПУ) ; Институт природных ресурсов (ИПР) ; Институт физики высоких технологий (ИФВТ) ; Физико-технический институт (ФТИ) ; Сибур-Холдинг
|v [С. 366-367]
|d 2016
|
| 610 |
1 |
|
|a труды учёных ТПУ
|
| 610 |
1 |
|
|a электронный ресурс
|
| 610 |
1 |
|
|a моделирование процесса
|
| 610 |
1 |
|
|a углеводородные среды
|
| 610 |
1 |
|
|a сепарационные процессы
|
| 610 |
1 |
|
|a гомогенные системы
|
| 610 |
1 |
|
|a проектирование
|
| 700 |
|
1 |
|a Nikolaev
|b E. V.
|c specialist in the field of electrical engineering
|c engineer of Tomsk Polytechnic University
|f 1989-
|g Evgeny Vladimirovich
|3 (RuTPU)RU\TPU\pers\34529
|9 17910
|
| 702 |
|
1 |
|a Харламов
|b С. Н.
|c специалист в области транспорта и хранения нефти
|c профессор Томского политехнического университета
|f 1957-
|g Сергей Николаевич
|4 727
|
| 712 |
0 |
2 |
|a Национальный исследовательский Томский политехнический университет (ТПУ)
|b Институт природных ресурсов (ИПР)
|b Кафедра транспорта и хранения нефти и газа (ТХНГ)
|3 (RuTPU)RU\TPU\col\18661
|
| 801 |
|
2 |
|a RU
|b 63413507
|c 20170407
|g RCR
|
| 856 |
4 |
|
|u http://earchive.tpu.ru/handle/11683/30699
|
| 942 |
|
|
|c BK
|